[Event "Politiken Cup 2012"]
[Site "Helsingør "]
[Date "2012.07.28"]
[Round "1.4"]
[White "Nielsen, Aage Sondergaard"]
[Black "Sokolov, Ivan"]
[Result "0-1"]
[WhiteElo "1957"]
[BlackElo "2676"]
[PlyCount "90"]
[EventDate "2012.07.28"]

1. e4 e5 2. Nf3 Nc6 3. Bc4 Bc5 4. c3 Nf6 5. d3 d6 6. b4 Bb6 7. Nbd2 Ne7 8. Bb3
c6 9. Nf1 h6 10. Be3 Ng6 11. Ng3 Bxe3 12. fxe3 d5 13. exd5 Nxd5 14. Qd2 a5 15.
O-O O-O 16. a3 Re8 17. Kh1 Be6 18. Rfb1 Bg4 19. c4 Nf6 20. Bd1 Qd7 21. Qe2 axb4
22. Rxb4 Ra7 23. Qf1 e4 24. dxe4 Nxe4 25. Rb3 Nxg3+ 26. hxg3 Qc7 27. Qf2 Ra5
28. Kg1 Bc8 29. Bc2 Nf8 30. e4 Nd7 31. Re1 Ne5 32. Nxe5 Rexe5 33. Rf3 Be6 34.
Qd4 Ra8 35. Rd1 Rea5 36. a4 Bg4 37. Rdf1 Bxf3 38. Rxf3 Rd8 39. Qf2 Re5 40. Rf4
Qe7 41. Qe2 Qc5+ 42. Kh2 Rh5+ 43. Rh4 Rxh4+ 44. gxh4 Qe5+ 45. g3 Qc3 0-1

[Event "Politiken Cup 2012"]
[Site "Helsingør "]
[Date "2012.07.28"]
[Round "1.5"]
[White "Salgado, Lopez Ivan"]
[Black "Rasmussen, Lars"]
[Result "1-0"]
[WhiteElo "2635"]
[BlackElo "1957"]
[PlyCount "67"]
[EventDate "2012.07.28"]

1. d4 Nf6 2. c4 e6 3. Nc3 Bb4 4. e3 O-O 5. Nge2 d5 6. a3 Be7 7. Nf4 b6 8. cxd5
exd5 9. b4 Re8 10. Be2 Bf8 11. O-O Bb7 12. Qb3 a6 13. Bd2 c6 14. a4 b5 15. f3
Nbd7 16. a5 Bd6 17. Bd3 Qc7 18. g3 Nf8 19. e4 dxe4 20. fxe4 Bxf4 21. Bxf4 Qd7
22. Rad1 Ne6 23. Bb1 Bc8 24. e5 Nxd4 25. Qb2 Ng4 26. Ne4 Nf3+ 27. Kh1 Qe7 28.
Rxf3 Nxe5 29. Bxe5 Bg4 30. Rf4 Qxe5 31. Qxe5 Rxe5 32. Rxg4 f5 33. Nf6+ Kf7 34.
Nd7 1-0

[Event "Politiken Cup 2012"]
[Site "Helsingør "]
[Date "2012.07.28"]
[Round "1.6"]
[White "Garberg, Tore"]
[Black "Romanov, Evgeny"]
[Result "0-1"]
[WhiteElo "1956"]
[BlackElo "2623"]
[PlyCount "54"]
[EventDate "2012.07.28"]

1. e4 e5 2. Nf3 Nc6 3. Bb5 g6 4. O-O Bg7 5. Nc3 Nge7 6. d3 a6 7. Ba4 b5 8. Bb3
Na5 9. Bg5 h6 10. Be3 Bb7 11. Qd2 Nxb3 12. axb3 f5 13. Rfe1 d6 14. exf5 Bxf3
15. gxf3 Nxf5 16. f4 Nh4 17. Qe2 Qd7 18. fxe5 O-O 19. f4 dxe5 20. Qf2 exf4 21.
Bc5 Qg4+ 22. Kh1 Rf5 23. Ne4 Rxc5 24. Nxc5 Bd4 25. Ne4 Rf8 26. Qf1 f3 27. Ng3
f2 0-1

[Event "Politiken Cup 2012"]
[Site "Helsingør "]
[Date "2012.07.28"]
[Round "1.8"]
[White "Justinussen, Sigurd B"]
[Black "Markus, Robert"]
[Result "0-1"]
[WhiteElo "1952"]
[BlackElo "2599"]
[PlyCount "54"]
[EventDate "2012.07.28"]

1. e4 c5 2. Nf3 e6 3. c3 Nf6 4. d3 Nc6 5. Be2 Be7 6. O-O O-O 7. Bg5 h6 8. Bf4
d6 9. Na3 e5 10. Bg3 Rb8 11. Nc2 b5 12. b4 cxb4 13. Nxb4 Nxb4 14. cxb4 Qb6 15.
Qd2 Nh5 16. Rfd1 Be6 17. d4 Nxg3 18. hxg3 Bf6 19. dxe5 dxe5 20. a3 g5 21. Qd6
Qb7 22. Qd3 a6 23. Rac1 Rbc8 24. Qe3 Rxc1 25. Rxc1 g4 26. Nxe5 Bxe5 27. Qxh6
Qxe4 0-1

[Event "Politiken Cup 2012"]
[Site "Helsingør "]
[Date "2012.07.28"]
[Round "1.9"]
[White "Burmakin, Vladimir"]
[Black "Hansen, Rasmus Agertoft"]
[Result "1-0"]
[WhiteElo "2590"]
[BlackElo "1946"]
[PlyCount "79"]
[EventDate "2012.07.28"]

1. d4 f5 2. g3 Nf6 3. Bg2 g6 4. Nh3 d6 5. d5 Bg7 6. Nf4 Na6 7. h4 Nc5 8. h5 Kf7
9. Nd2 e5 10. dxe6+ Nxe6 11. Nxe6 Bxe6 12. h6 Bf8 13. Bxb7 Rb8 14. Bg2 Ng4 15.
Nf3 Be7 16. Nd4 Rb6 17. Nxe6 Kxe6 18. Bd5+ Kd7 19. c3 c6 20. Bf3 Ne5 21. Bg2
Bf6 22. Qc2 Nc4 23. O-O a5 24. e4 fxe4 25. Qxe4 Ne5 26. Be3 Rxb2 27. Rab1 Qb8
28. Rxb2 Qxb2 29. Rb1 Qxc3 30. Bh3+ Kd8 31. Rb7 d5 32. Qb1 Nf3+ 33. Kg2 Ne1+
34. Kh1 Ke8 35. Rb8+ Kf7 36. Rxh8 Bxh8 37. Qb7+ Kf8 38. Qc8+ Kf7 39. Qd7+ Kf8
40. Be6 1-0

[Event "Politiken Cup 2012"]
[Site "Helsingør "]
[Date "2012.07.28"]
[Round "1.10"]
[White "Rosell, Sven"]
[Black "Popovic, Dusan"]
[Result "0-1"]
[WhiteElo "1937"]
[BlackElo "2579"]
[PlyCount "92"]
[EventDate "2012.07.28"]

1. c4 g6 2. Nf3 Bg7 3. Nc3 d6 4. g3 Nf6 5. Bg2 O-O 6. O-O Nc6 7. d3 e5 8. Rb1
a5 9. a3 h6 10. b4 axb4 11. axb4 Be6 12. b5 Ne7 13. Bb2 Nd7 14. Qc2 f5 15. Ra1
Rc8 16. Nd2 b6 17. Nd5 g5 18. Ra7 Nc5 19. Nb3 Nxd5 20. cxd5 Bd7 21. Nxc5 bxc5
22. Bc3 Bxb5 23. Rb1 Bd7 24. Ba5 f4 25. e4 f3 26. Bf1 Rf7 27. Rbb7 Bg4 28. Qb3
Bf8 29. Qb5 h5 30. h3 Bd7 31. Qb3 Be8 32. Qc2 Bg7 33. Qc1 Bf6 34. Qe3 g4 35.
Qc1 Rg7 36. Bd2 h4 37. hxg4 Bd7 38. Bh6 Rg6 39. g5 Bxg5 40. Bxg5 Rxg5 41. Qe3
Qf6 42. Rxc7 Rxc7 43. Rxc7 Rg7 44. Ra7 hxg3 45. Ra8+ Kh7 46. fxg3 Qh4 0-1

[Event "Politiken Cup 2012"]
[Site "Helsingør "]
[Date "2012.07.28"]
[Round "1.12"]
[White "Fjellengen, Bard"]
[Black "Hillarp, Persson Tiger"]
[Result "0-1"]
[WhiteElo "1928"]
[BlackElo "2575"]
[PlyCount "72"]
[EventDate "2012.07.28"]

1. d4 g6 2. Nf3 Bg7 3. e4 d6 4. c3 Nf6 5. Bd3 O-O 6. O-O Nc6 7. Na3 e5 8. dxe5
dxe5 9. Nc4 Nd7 10. Ne3 Nb6 11. Qc2 a5 12. b3 Be6 13. Ba3 Re8 14. Rad1 Qf6 15.
Bc1 Qe7 16. Bb5 Red8 17. Bxc6 bxc6 18. Rxd8+ Rxd8 19. Rd1 Ra8 20. c4 f6 21. Ne1
Nd7 22. Nd3 Nf8 23. a3 Bd7 24. b4 axb4 25. axb4 Ne6 26. f3 h5 27. Bb2 Be8 28.
Ra1 Rxa1+ 29. Bxa1 Bh6 30. Nf1 c5 31. bxc5 Nxc5 32. Nb4 Nxe4 33. Nd5 Qc5+ 34.
Kh1 Nf2+ 35. Kg1 Nh3+ 36. Kh1 Qg1# 0-1

[Event "Politiken Cup 2012"]
[Site "Helsingør "]
[Date "2012.07.28"]
[Round "1.14"]
[White "Rasmussen, Morten"]
[Black "Halkias, Stelios"]
[Result "0-1"]
[WhiteElo "1916"]
[BlackElo "2570"]
[PlyCount "54"]
[EventDate "2012.07.28"]

1. d4 Nf6 2. Nf3 e6 3. Bg5 c5 4. c3 h6 5. Bh4 cxd4 6. Nxd4 Be7 7. Nd2 d5 8. e3
O-O 9. Be2 e5 10. N4f3 Nc6 11. Bg3 Bd6 12. h3 e4 13. Bxd6 exf3 14. Bxf8 fxe2
15. Qxe2 Qxf8 16. O-O Bf5 17. Rad1 Re8 18. Qb5 Qe7 19. Nf3 Be4 20. Nd4 Ne5 21.
Rfe1 a6 22. Qe2 Qc7 23. Rd2 Bg6 24. Rc1 Bh5 25. Qf1 Nc4 26. Rdc2 Bg6 27. Re2
Bd3 0-1

[Event "Politiken Cup 2012"]
[Site "Helsingør "]
[Date "2012.07.28"]
[Round "1.15"]
[White "Bulski, Krzysztof"]
[Black "Nielsen, Jens Holm"]
[Result "1-0"]
[WhiteElo "2554"]
[BlackElo "1914"]
[PlyCount "93"]
[EventDate "2012.07.28"]

1. e4 e5 2. Nf3 Nc6 3. Bb5 a6 4. Ba4 Nf6 5. O-O Be7 6. Re1 b5 7. Bb3 d6 8. c3
Na5 9. Bc2 c5 10. d4 Qc7 11. Nbd2 O-O 12. h3 Nd7 13. Nf1 Nb6 14. b3 Nc6 15. d5
Nd8 16. g4 g6 17. Ne3 f6 18. Qe2 Bd7 19. Kh2 g5 20. h4 h6 21. Kg2 Kg7 22. Rh1
Nf7 23. a4 Nh8 24. Nf5+ Bxf5 25. gxf5 b4 26. cxb4 cxb4 27. Bd3 a5 28. hxg5 fxg5
29. Nxg5 Bxg5 30. Bxg5 Rg8 31. Rac1 Qf7 32. Bxh6+ Kf6+ 33. Kf1 Rac8 34. Rxc8
Nxc8 35. Be3 Ke7 36. Rh6 Kd8 37. Qh5 Qxh5 38. Rxh5 Nf7 39. Rh7 Ke7 40. Be2 Kf8
41. f6 Rg6 42. Bh5 Rxf6 43. Bxf7 Ne7 44. Be6 Ng6 45. Bh6+ Ke8 46. Bd7+ Kd8 47.
Bg5 1-0

[Event "Politiken Cup 2012"]
[Site "Helsingør "]
[Date "2012.07.28"]
[Round "1.16"]
[White "Christensen, Uffe Stenberg"]
[Black "Hector, Jonny"]
[Result "0-1"]
[WhiteElo "1913"]
[BlackElo "2530"]
[PlyCount "62"]
[EventDate "2012.07.28"]

1. d4 d5 2. Nf3 Nf6 3. Bf4 c5 4. e3 Nc6 5. c3 Qb6 6. Qc2 Bg4 7. Nbd2 e6 8. Bd3
c4 9. Be2 Bf5 10. Qc1 Qa5 11. Nh4 b5 12. Nxf5 exf5 13. O-O Be7 14. Qc2 g6 15.
f3 O-O 16. e4 Rfe8 17. exf5 Nh5 18. fxg6 hxg6 19. Bg3 Nxg3 20. hxg3 Bd6 21. Qd1
Bxg3 22. f4 Qc7 23. Rf3 Bxf4 24. Rh3 Qe7 25. Bf3 Qe3+ 26. Kf1 Qxd2 27. Qxd2
Bxd2 28. Bxd5 Rac8 29. Rf3 Nd8 30. Kf2 Kg7 31. Rf1 Rc7 0-1

[Event "Politiken Cup 2012"]
[Site "Helsingør "]
[Date "2012.07.28"]
[Round "1.19"]
[White "Danielsen, Henrik"]
[Black "Nordin, Eric"]
[Result "1-0"]
[WhiteElo "2511"]
[BlackElo "1906"]
[PlyCount "85"]
[EventDate "2012.07.28"]

1. Nf3 d6 2. d4 g6 3. g3 Bg7 4. Bg2 Nd7 5. c4 e5 6. O-O Ne7 7. Nc3 O-O 8. e4
exd4 9. Nxd4 Nc6 10. Nde2 Nc5 11. Bf4 Be6 12. b3 a5 13. Rb1 Qd7 14. Qd2 Bh3 15.
Bxh3 Qxh3 16. Be3 Ne6 17. Nd5 Rfe8 18. f3 Ne5 19. Nef4 Nxf4 20. Bxf4 Qd7 21.
Rbc1 Rad8 22. Bg5 Ra8 23. Bf6 Re6 24. Bxg7 Kxg7 25. f4 Ng4 26. Qd4+ f6 27. f5
Re5 28. Rf4 g5 29. Rxg4 h5 30. Rf4 gxf4 31. gxf4 c5 32. Qd3 Rxd5 33. Qxd5 Rg8
34. Kf2 Kh7 35. Rg1 Rxg1 36. Kxg1 Qg7+ 37. Kf2 h4 38. Qd1 Kh6 39. Qf3 a4 40.
bxa4 Qg8 41. Qg2 Qg7 42. Qxg7+ Kxg7 43. Kf3 1-0

[Event "Politiken Cup 2012"]
[Site "Helsingør "]
[Date "2012.07.28"]
[Round "1.20"]
[White "Helin, Mikael"]
[Black "Aagaard, Jacob"]
[Result "0-1"]
[WhiteElo "1905"]
[BlackElo "2506"]
[PlyCount "68"]
[EventDate "2012.07.28"]

1. e4 c5 2. Nc3 e6 3. Nge2 Nf6 4. g3 b5 5. Bg2 Bb7 6. d3 b4 7. Na4 d5 8. f3
Nbd7 9. b3 h5 10. h3 Bd6 11. c4 Qc7 12. O-O Bxg3 13. Nxg3 Qxg3 14. Be3 d4 15.
Bf2 Qe5 16. Qe1 h4 17. Bxh4 Nh5 18. f4 Nxf4 19. Rxf4 Qxf4 20. Bg3 Qg5 21. Qf2
Bc6 22. Rf1 Qg6 23. Nb2 e5 24. Nd1 a5 25. Qf3 a4 26. Nf2 axb3 27. axb3 Ra3 28.
Rb1 Ke7 29. Kh2 Ra2 30. Ng4 f5 31. Nxe5 Nxe5 32. Qf4 Nd7 33. Kh1 fxe4 34. dxe4
Rxg2 0-1

[Event "Politiken Cup 2012"]
[Site "Helsingør "]
[Date "2012.07.28"]
[Round "1.21"]
[White "Glud, Jakob Vang"]
[Black "Molvig, Julius"]
[Result "1-0"]
[WhiteElo "2498"]
[BlackElo "1905"]
[PlyCount "69"]
[EventDate "2012.07.28"]

1. c4 Nf6 2. g3 g6 3. Bg2 Bg7 4. Nc3 d6 5. d3 c5 6. Nh3 Nbd7 7. Nf4 a6 8. O-O
Rb8 9. a4 b6 10. h3 Bb7 11. e4 Ne5 12. Be3 Nc6 13. Nfe2 Nd7 14. d4 cxd4 15.
Nxd4 Nc5 16. Ra3 Ba8 17. Nxc6 Bxc6 18. Bd4 O-O 19. Bxg7 Kxg7 20. Qd2 Qd7 21. b4
Ne6 22. h4 Nc7 23. h5 h6 24. Nd5 Nxd5 25. exd5 Ba8 26. Re1 Rfe8 27. hxg6 fxg6
28. Re6 Rf8 29. Bh3 Qe8 30. Rae3 Rf7 31. Qd3 g5 32. Qg6+ Kh8 33. Bf5 Qf8 34.
Rxe7 Rxe7 35. Rxe7 1-0

[Event "Politiken Cup 2012"]
[Site "Helsingør "]
[Date "2012.07.28"]
[Round "1.22"]
[White "Philipsen, William Horup"]
[Black "Brynell, Stellan"]
[Result "0-1"]
[WhiteElo "1905"]
[BlackElo "2498"]
[PlyCount "46"]
[EventDate "2012.07.28"]

1. e4 e6 2. d4 d5 3. Nc3 Nf6 4. Bg5 Bb4 5. Nge2 h6 6. Bd2 Bxc3 7. Nxc3 dxe4 8.
Qe2 Nc6 9. O-O-O Nxd4 10. Qc4 e5 11. Be3 Be6 12. Qb4 Qe7 13. Qxb7 O-O 14. Bxd4
exd4 15. Rxd4 Qc5 16. Qb4 Qg5+ 17. Rd2 Rab8 18. Qa3 Rfd8 19. Nb1 Ng4 20. h4 Qe5
21. Rxd8+ Rxd8 22. Qg3 Qxg3 23. fxg3 Nf2 0-1

[Event "Politiken Cup 2012"]
[Site "Helsingør "]
[Date "2012.07.28"]
[Round "1.23"]
[White "Rasmussen, Allan Stig"]
[Black "Svanholm, Borge Waaktaar"]
[Result "1-0"]
[WhiteElo "2496"]
[BlackElo "1905"]
[PlyCount "63"]
[EventDate "2012.07.28"]

1. d4 Nf6 2. g3 g6 3. Bg2 Bg7 4. e4 d6 5. Nc3 O-O 6. Nge2 e5 7. h3 Nc6 8. Be3
exd4 9. Nxd4 Nxd4 10. Bxd4 Bd7 11. O-O Bc6 12. b4 a6 13. a4 Qd7 14. Qd3 b6 15.
f4 Rfb8 16. b5 Bb7 17. Rad1 Ne8 18. Bxg7 Kxg7 19. Qd4+ Kg8 20. e5 Bxg2 21. Kxg2
axb5 22. axb5 Qf5 23. Rfe1 Rd8 24. Re2 Ng7 25. Nd5 Kf8 26. Nxc7 Ra2 27. g4 Qc8
28. exd6 Kg8 29. Qxb6 Ne6 30. Nxe6 fxe6 31. d7 Qa8+ 32. Kh2 1-0

[Event "Politiken Cup 2012"]
[Site "Helsingør "]
[Date "2012.07.28"]
[Round "1.24"]
[White "Thogersen, Rasmus"]
[Black "Starostits, Ilmars"]
[Result "0-1"]
[WhiteElo "1885"]
[BlackElo "2494"]
[PlyCount "54"]
[EventDate "2012.07.28"]

1. e4 e5 2. Nf3 Nc6 3. Bb5 g6 4. O-O Bg7 5. c3 d6 6. d4 Bd7 7. Re1 a6 8. Ba4
Nge7 9. Be3 O-O 10. Nbd2 exd4 11. cxd4 Bg4 12. h3 Bd7 13. Rc1 Re8 14. Bb3 h6
15. a3 Rc8 16. Nf1 Na5 17. Ba2 c5 18. Qd2 g5 19. dxc5 dxc5 20. Bxg5 hxg5 21.
Nxg5 c4 22. Qf4 f6 23. Nf3 b5 24. Bb1 Ng6 25. Qe3 Nb3 26. Rcd1 Qc7 27. Ng3 Rcd8
0-1

[Event "Politiken Cup 2012"]
[Site "Helsingør "]
[Date "2012.07.28"]
[Round "1.25"]
[White "Blomqvist, Erik"]
[Black "Moller, Arne"]
[Result "1-0"]
[WhiteElo "2457"]
[BlackElo "1895"]
[PlyCount "29"]
[EventDate "2012.07.28"]

1. e4 c5 2. Nf3 d6 3. d4 cxd4 4. Nxd4 Nf6 5. Nc3 a6 6. Bc4 e6 7. Bb3 Be7 8. g4
Nc6 9. g5 Nxd4 10. Qxd4 e5 11. Qd1 Ng4 12. h3 Nxf2 13. Kxf2 Bxg5 14. Bxf7+ Kxf7
15. Qh5+ 1-0

[Event "Politiken Cup 2012"]
[Site "Helsingør "]
[Date "2012.07.28"]
[Round "1.26"]
[White "Solli, Oddvar"]
[Black "Kristiansen, Jens"]
[Result "0-1"]
[WhiteElo "1894"]
[BlackElo "2426"]
[PlyCount "52"]
[EventDate "2012.07.28"]

1. d4 Nf6 2. c4 e6 3. Nc3 Bb4 4. e3 c5 5. Nge2 cxd4 6. exd4 O-O 7. a3 Be7 8. d5
exd5 9. cxd5 Re8 10. g3 Bc5 11. Bg2 d6 12. O-O a6 13. b4 Ba7 14. Bb2 Nbd7 15.
Na4 Ne5 16. Bd4 Bg4 17. Bxa7 Rxa7 18. Nac3 Ra8 19. Qb3 Rc8 20. h3 Bf5 21. g4
Bd3 22. Rfe1 Bc4 23. Qd1 Nd3 24. Rf1 h5 25. g5 Nh7 26. h4 Nf8 0-1

[Event "Politiken Cup 2012"]
[Site "Helsingør "]
[Date "2012.07.28"]
[Round "1.28"]
[White "Merkesvik, Sondre"]
[Black "Teplyi, Igor"]
[Result "1-0"]
[WhiteElo "1892"]
[BlackElo "2388"]
[PlyCount "83"]
[EventDate "2012.07.28"]

1. e4 c5 2. Nf3 d6 3. d4 cxd4 4. Qxd4 Nc6 5. Bb5 Bd7 6. Bxc6 Bxc6 7. Nc3 e5 8.
Qd3 h6 9. Be3 Nf6 10. O-O-O Be7 11. Nh4 g6 12. h3 Qa5 13. Nf3 b5 14. Kb1 Rc8
15. Nd2 b4 16. Nb3 Qc7 17. Nb5 Bxb5 18. Qxb5+ Kf8 19. Qd3 Kg7 20. Rc1 a5 21. f4
a4 22. Nd2 Qb7 23. Nc4 Qxe4 24. Qxe4 Nxe4 25. Nb6 Rb8 26. Nxa4 Ng3 27. Rhe1 Nf5
28. Bd2 Bh4 29. Re4 exf4 30. Bxf4 Rhe8 31. Bxd6 Nxd6 32. Rxh4 Re2 33. Nc5 Nf5
34. Rf4 Rxg2 35. Nd3 Rh2 36. Rxb4 Rxb4 37. Nxb4 Rxh3 38. a4 Re3 39. Nd5 Re5 40.
c4 h5 41. a5 h4 42. a6 1-0

[Event "Politiken Cup 2012"]
[Site "Helsingør "]
[Date "2012.07.28"]
[Round "1.29"]
[White "Bejtovic, Jasmin"]
[Black "Christenson, Bjorn Aa"]
[Result "1/2-1/2"]
[WhiteElo "2385"]
[BlackElo "1888"]
[PlyCount "96"]
[EventDate "2012.07.28"]

1. c4 e5 2. g3 Bc5 3. Bg2 Nc6 4. Nc3 Nf6 5. Nf3 a6 6. d3 d6 7. O-O O-O 8. a3
Nd4 9. Nd2 a5 10. h3 c6 11. e3 Ne6 12. Nf3 Bb6 13. b3 Re8 14. Bb2 Bc7 15. Rc1
Bd7 16. e4 h6 17. Kh2 Nh7 18. Ng1 Nd4 19. Nge2 Nxe2 20. Nxe2 f5 21. exf5 Nf6
22. d4 Bxf5 23. d5 Qd7 24. Qd2 Ne4 25. Qe3 cxd5 26. cxd5 Nc5 27. g4 Bg6 28. Rc3
Bd8 29. Ng3 Bg5 30. Qe2 Bf4 31. Kh1 Bxg3 32. Rxg3 b5 33. Re3 a4 34. b4 Nb3 35.
f4 exf4 36. Rxf4 Rxe3 37. Qxe3 Re8 38. Qf2 Qe7 39. Qf1 Qe2 40. Rf8+ Kh7 41. Rf2
Qe3 42. Kh2 Nd2 43. Qg1 Nc4 44. Bc1 Qc3 45. Rf3 Qe1 46. Rf1 Qc3 47. g5 h5 48.
Qf2 Qe5+ 1/2-1/2

[Event "Politiken Cup 2012"]
[Site "Helsingør "]
[Date "2012.07.28"]
[Round "1.30"]
[White "Nielsen, Kai Gylling"]
[Black "Zude, Erik"]
[Result "0-1"]
[WhiteElo "1888"]
[BlackElo "2384"]
[PlyCount "82"]
[EventDate "2012.07.28"]

1. Nf3 Nf6 2. d4 g6 3. g3 Bg7 4. Bg2 O-O 5. O-O d6 6. Nbd2 Nc6 7. c3 e5 8. dxe5
dxe5 9. e4 a5 10. a4 b6 11. Re1 Ba6 12. Bf1 Bxf1 13. Kxf1 Qd7 14. Kg2 Rad8 15.
Qe2 h6 16. Nc4 Qe6 17. Bd2 Rd7 18. Rad1 Rfd8 19. h3 Rd3 20. Na3 R3d7 21. Qc4
Qxc4 22. Nxc4 Nh7 23. Re2 Nf8 24. Rb1 Ne6 25. Be3 f5 26. exf5 gxf5 27. Rbe1 e4
28. Nh4 Ne7 29. f3 Bf6 30. Bxh6 Kh7 31. Bc1 Bxh4 32. gxh4 Ng6 33. Kh2 Nxh4 34.
Rf2 Rd1 35. Rxd1 Rxd1 36. Be3 Nxf3+ 37. Rxf3 exf3 38. Ne5 Re1 39. Nc4 f4 40.
Bf2 Re2 41. Kg1 Ng5 0-1

[Event "Politiken Cup 2012"]
[Site "Helsingør "]
[Date "2012.07.28"]
[Round "1.31"]
[White "Hedman, Erik"]
[Black "Henrichsen, Jens"]
[Result "1/2-1/2"]
[WhiteElo "2381"]
[BlackElo "1887"]
[PlyCount "188"]
[EventDate "2012.07.28"]

1. e4 c5 2. Nf3 d6 3. d4 cxd4 4. Nxd4 Nf6 5. Nc3 a6 6. Be2 e6 7. O-O Be7 8. f4
Qc7 9. Kh1 O-O 10. Qe1 b5 11. Bf3 Bb7 12. e5 Ne8 13. f5 Bxf3 14. Nxf3 b4 15. f6
bxc3 16. fxe7 Qxe7 17. bxc3 Nd7 18. Ba3 Nc5 19. exd6 Qxd6 20. Qe5 Rc8 21. Rfd1
Qxe5 22. Nxe5 Nf6 23. Rd4 Rfe8 24. h3 Nce4 25. c4 h5 26. Rb1 Rb8 27. Rb3 Rbd8
28. Bb2 Rxd4 29. Bxd4 h4 30. Rb7 Ng3+ 31. Kh2 Rd8 32. c3 Rc8 33. c5 Nfe4 34. c6
Nd6 35. Ba7 f6 36. Ng6 Kh7 37. Nxh4 Rxc6 38. Rd7 Nge4 39. Re7 Nc8 40. Rd7 Nxa7
41. Rxa7 Nxc3 42. g4 Nxa2 43. Nf3 Nc3 44. h4 Ne4 45. Re7 Rb6 46. Nd4 Nc5 47.
Kg2 Rd6 48. Nf3 Rd7 49. Re8 a5 50. Ra8 a4 51. g5 Kg6 52. Kg3 Rb7 53. Rc8 Ne4+
54. Kg4 fxg5 55. hxg5 Nxg5 56. Nh4+ Kf6 57. Rf8+ Nf7 58. Ra8 Nh6+ 59. Kg3 Rb3+
60. Nf3 a3 61. Kf4 Nf7 62. Ra6 g5+ 63. Ke4 Rb4+ 64. Nd4 Nd8 65. Ke3 g4 66. Rxa3
Kg5 67. Ra8 e5 68. Nc2 Rb2 69. Ne1 Ne6 70. Nd3 Rb5 71. Rg8+ Kf5 72. Kf2 e4 73.
Ne1 Rb2+ 74. Kg3 Rb3+ 75. Kf2 Ng5 76. Rf8+ Ke5 77. Re8+ Ne6 78. Ng2 Rf3+ 79.
Ke1 g3 80. Nh4 Rf6 81. Rg8 Rh6 82. Rg4 Nf4 83. Kf1 Nh5 84. Kg2 Rf6 85. Rg5+ Kd4
86. Rxh5 e3 87. Nf5+ Rxf5 88. Rxf5 e2 89. Rf1 exf1=Q+ 90. Kxf1 Ke3 91. Kg2 Kf4
92. Kg1 Kf3 93. Kf1 g2+ 94. Kg1 Kg3 1/2-1/2

[Event "Politiken Cup 2012"]
[Site "Helsingør "]
[Date "2012.07.28"]
[Round "1.32"]
[White "Bendixen, Daniel"]
[Black "Schlecht, Daniel"]
[Result "0-1"]
[WhiteElo "1882"]
[BlackElo "2379"]
[PlyCount "42"]
[EventDate "2012.07.28"]

1. e4 e6 2. d4 d5 3. exd5 exd5 4. Bd3 Bd6 5. c3 Nc6 6. Qc2 Nge7 7. Bg5 Bg4 8.
Nd2 Qd7 9. f3 Bf5 10. Bxe7 Qxe7+ 11. Ne2 Bd7 12. O-O-O O-O-O 13. Ng3 g6 14.
Rhe1 Qg5 15. Kb1 Bxg3 16. hxg3 Qxg3 17. Nb3 Rde8 18. Qd2 b6 19. a4 a5 20. c4
Nb4 21. Rxe8+ Rxe8 0-1

[Event "Politiken Cup 2012"]
[Site "Helsingør "]
[Date "2012.07.28"]
[Round "1.33"]
[White "L'ami, Alina"]
[Black "Hansen, Verner"]
[Result "1-0"]
[WhiteElo "2372"]
[BlackElo "1878"]
[PlyCount "43"]
[EventDate "2012.07.28"]

1. d4 d5 2. c4 c6 3. Nf3 Nf6 4. Nc3 dxc4 5. a4 Bf5 6. e3 e6 7. Bxc4 Bb4 8. O-O
Nbd7 9. Qe2 Nb6 10. Bb3 O-O 11. e4 Bg6 12. Bc2 Rc8 13. Rd1 Qc7 14. Ne5 Bd6 15.
Nxg6 Bxh2+ 16. Kh1 fxg6 17. e5 Nfd5 18. Kxh2 Qf7 19. Ne4 Nf4 20. Bxf4 Qxf4+ 21.
g3 Qh6+ 22. Kg2 1-0

[Event "Politiken Cup 2012"]
[Site "Helsingør "]
[Date "2012.07.28"]
[Round "1.34"]
[White "Sjol, Henrik"]
[Black "Svane, Rasmus"]
[Result "0-1"]
[WhiteElo "1878"]
[BlackElo "2367"]
[PlyCount "126"]
[EventDate "2012.07.28"]

1. d4 Nf6 2. Nf3 e6 3. e3 c5 4. Bd3 Nc6 5. O-O d5 6. b3 Qc7 7. a3 Bd6 8. Bb2 e5
9. dxe5 Nxe5 10. Bb5+ Ke7 11. Nbd2 Be6 12. Nxe5 Bxe5 13. Bxe5 Qxe5 14. Be2 Rhd8
15. Qe1 Qc3 16. Rc1 Qb2 17. a4 Ne4 18. Nb1 b6 19. f3 Nd6 20. Qc3 Qxc3 21. Nxc3
Nf5 22. Kf2 d4 23. Nd1 dxe3+ 24. Nxe3 Rd4 25. Rfd1 Rad8 26. Rxd4 Rxd4 27. g4
Nxe3 28. Kxe3 Rb4 29. Rd1 h6 30. h4 g5 31. hxg5 hxg5 32. Rd2 a5 33. Bd1 Rf4 34.
Be2 c4 35. bxc4 Bxc4 36. Bd1 Be6 37. c3 Rc4 38. Kd3 Rf4 39. Rb2 Bd5 40. Ke3 Rf6
41. Be2 Re6+ 42. Kf2 Rd6 43. Rb5 Bc6 44. Rxb6 Bxa4 45. Rb7+ Rd7 46. Rb6 Ra7 47.
Ke3 Bd7 48. Bb5 a4 49. Bxd7 a3 50. Rb1 a2 51. Ra1 Kxd7 52. f4 gxf4+ 53. Kxf4
Ke6 54. Ke4 Ra4+ 55. Kd3 Kd5 56. g5 Kc5 57. Kd2 Rg4 58. Kd3 Rg3+ 59. Kc2 Kc4
60. Kb2 Rg2+ 61. Ka3 Rxg5 62. Kb2 Rg2+ 63. Ka3 Kxc3 0-1

[Event "Politiken Cup 2012"]
[Site "Helsingør "]
[Date "2012.07.28"]
[Round "1.36"]
[White "Jensen, John Klaus"]
[Black "Petersen, Tom Petri"]
[Result "0-1"]
[WhiteElo "1874"]
[BlackElo "2360"]
[PlyCount "50"]
[EventDate "2012.07.28"]

1. g3 g6 2. Nf3 Bg7 3. c4 d6 4. Bg2 e5 5. Nc3 Nc6 6. d3 f5 7. Bg5 Nf6 8. Nd5 h6
9. Bxf6 Bxf6 10. e4 fxe4 11. dxe4 O-O 12. Qd2 Bg7 13. h3 Be6 14. g4 Rf7 15. O-O
Qd7 16. Nh4 Kh7 17. Qe3 Raf8 18. Rac1 Nd4 19. b3 Qd8 20. Nxg6 Kxg6 21. f4 exf4
22. Qd3 Be5 23. Rf2 c6 24. Nc3 f3 25. Bf1 Qh4 0-1

[Event "Politiken Cup 2012"]
[Site "Helsingør "]
[Date "2012.07.28"]
[Round "1.35"]
[White "Carstensen, Jacob"]
[Black "Hinrichs, Lars"]
[Result "1-0"]
[WhiteElo "2352"]
[BlackElo "1877"]
[PlyCount "55"]
[EventDate "2012.07.28"]

1. d4 Nf6 2. c4 g6 3. Nc3 Bg7 4. e4 d6 5. f3 O-O 6. Bg5 Nbd7 7. Qd2 c6 8. h4 a6
9. g4 h5 10. O-O-O b5 11. e5 dxe5 12. dxe5 Nh7 13. gxh5 Bxe5 14. f4 Bg7 15.
hxg6 Nxg5 16. hxg5 fxg6 17. Bh3 Rf5 18. Bxf5 gxf5 19. Nf3 Qa5 20. Qe3 b4 21.
Na4 Qxa4 22. Qe6+ Kf8 23. Nh4 Bxb2+ 24. Kxb2 Qa3+ 25. Kb1 b3 26. Ng6+ Kg7 27.
Qxe7+ Qxe7 28. Nxe7 1-0

[Event "Politiken Cup 2012"]
[Site "Helsingør "]
[Date "2012.07.28"]
[Round "1.37"]
[White "Carlstedt, Jonathan"]
[Black "Andersen, Daniel"]
[Result "1-0"]
[WhiteElo "2352"]
[BlackElo "1870"]
[PlyCount "31"]
[EventDate "2012.07.28"]

1. c4 Nf6 2. e3 g6 3. g4 h6 4. Nc3 d5 5. h3 Bg7 6. Nf3 O-O 7. Qb3 dxc4 8. Bxc4
b6 9. Rg1 Nc6 10. Qc2 Bb7 11. g5 hxg5 12. Qxg6 Na5 13. Qxg5 Ne8 14. Bb5 Nc6 15.
Qh4 Nf6 16. Qh6 1-0

[Event "Politiken Cup 2012"]
[Site "Helsingør "]
[Date "2012.07.28"]
[Round "1.38"]
[White "Henningsen, Lasse"]
[Black "Hansen, Mads"]
[Result "0-1"]
[WhiteElo "1756"]
[BlackElo "2341"]
[PlyCount "68"]
[EventDate "2012.07.28"]

1. d4 Nf6 2. Nf3 e6 3. g3 c5 4. c3 b6 5. Bg2 Bb7 6. O-O Be7 7. Nbd2 O-O 8. Re1
d5 9. Ne5 a5 10. Ndf3 Na6 11. Bg5 b5 12. dxc5 Nxc5 13. Nd4 Qc7 14. Bf4 Qb6 15.
g4 Rfc8 16. Rc1 b4 17. b3 Nfe4 18. c4 f6 19. Nd3 Nc3 20. Qc2 dxc4 21. Nxc5 Bxg2
22. Kxg2 Bxc5 23. Nf3 Bxf2 24. Rf1 Be3 25. Bxe3 Qxe3 26. Ng1 cxb3 27. axb3 Rc5
28. Rf3 Qd4 29. Rcf1 Qxg4+ 30. Kh1 Rac8 31. Qd2 Qe4 32. R1f2 Rd5 33. Qe3 Qxe3
34. Rxe3 Nd1 0-1